000 00407nam a22001697a 4500
003 macl
005 20160203133958.0
008 160203b xxu||||| |||| 00| 0 eng d
040 _cmacl
041 _aEnglish
082 _a320/KAL
100 _aKaura Vinay
_936606
245 _aTwo Decades Of Turbulence
260 _aJodhpur
_bVikas Publishers
_c2014
650 _aPolotics
_922528
942 _2ddc
_cBK
999 _c53060
_d53060